Valorant Agents Quiz - Statistics

General Stats
  • This quiz has been taken 73 times
  • The average score is 23 of 24
Answer Stats
Picture Answer % Correct
Iso
100%
Jett
100%
Killjoy
100%
Omen
100%
Gekko
98%
Reyna
98%
Yoru
98%
Brimstone
97%
Chamber
97%
KAYO
97%
Neon
97%
Phoenix
97%
Raze
97%
Sage
97%
Sova
97%
Viper
97%
Astra
95%
Breach
95%
Clove
95%
Cypher
95%
Deadlock
95%
Fade
95%
Harbor
95%
Skye
93%
No matching quizzes found
Score Distribution
Percent of People with Each Score
Percentile by Number Answered
Your Score History
You have not taken this quiz